| 000 | 00775nam a2200229 i 4500 | ||
|---|---|---|---|
| 001 | 151819 | ||
| 003 | ES-MaACL | ||
| 005 | 20230906204410.0 | ||
| 008 | 051005s1878 fr a | |||||||| ||fre d | ||
| 040 |
_aCAM _bspa _cCAM |
||
| 100 | 1 |
_aBelot, Adolphe. _927316 |
|
| 245 | 1 | 3 |
_aLa femme de feu / _cAdolphe Belot. |
| 260 |
_aParis : _bVictor Bunel, éditeur, _c1878 ( _fImp. Paul Dupont) |
||
| 300 |
_a160 p. : _bil. ; _c29 cm. |
||
| 490 | 1 | _aLes mystères mondains | |
| 597 | _aTexto enmarcado. | ||
| 598 | _aDato de serie tomado de cabecera de texto. | ||
| 700 | 1 |
_aBunel, Victor. _9126232 |
|
| 830 | 0 |
_aLes mystères mondains _9221271 |
|
| 852 |
_aES-MaACL _jT-444-F-1 _z-- Enc. hol., falto de la cub. original _z-- Enc. en un vol. facticio |
||
| 999 |
_c151819 _d151819 |
||